Libraries as gateways to information and democracy- improving networking, advocacy, and lobbying strategies : (Record no. 126502)

MARC details
000 -LEADER
fixed length control field 00887cam a22002295a 4500
008 - FIXED-LENGTH DATA ELEMENTS--GENERAL INFORMATION
fixed length control field
020 ## - INTERNATIONAL STANDARD BOOK NUMBER
International Standard Book Number 9780986974137 (pbk.)
049 ## - LOCAL HOLDINGS (OCLC)
Holding library MAIN
090 ## - LOCALLY ASSIGNED LC-TYPE CALL NUMBER (OCLC); LOCAL CALL NUMBER (RLIN)
Classification number (OCLC) (R) ; Classification number, CALL (RLIN) (NR) Z711.7
Local cutter number (OCLC) ; Book number/undivided call number, CALL (RLIN) LIB
003 - CONTROL NUMBER IDENTIFIER
control field
005 - DATE AND TIME OF LATEST TRANSACTION
control field 20230123122026.0
040 ## - CATALOGING SOURCE
Transcribing agency NUST
245 00 - TITLE STATEMENT
Title Libraries as gateways to information and democracy- improving networking, advocacy, and lobbying strategies :
Remainder of title papers and presentations delivered at six workshops, April-November 2008 /
Statement of responsibility, etc. compiled by the Goethe-Institut South Africa ;
Number of part/section of a work edited by Clare M. Walker.
260 ## - PUBLICATION, DISTRIBUTION, ETC.
Place of publication, distribution, etc. Johannesburg :
Name of publisher, distributor, etc. ada enup cc,
Date of publication, distribution, etc. 2011.
300 ## - PHYSICAL DESCRIPTION
Extent 507 p. :
Other physical details ill. ;
Dimensions 21 cm. +
Accompanying material 2 CD-ROMS.
500 ## - GENERAL NOTE
General note IFLA.
504 ## - BIBLIOGRAPHY, ETC. NOTE
Bibliography, etc. note Includes bibliographical references.
700 1# - ADDED ENTRY--PERSONAL NAME
Personal name Walker, Clare Morag.
710 2# - ADDED ENTRY--CORPORATE NAME
Corporate name or jurisdiction name as entry element Goethe-Institut South Africa.
907 ## - LOCAL DATA ELEMENT G, LDG (RLIN)
a .b10309056
b 19-11-13
c 23-02-12
942 ## - ADDED ENTRY ELEMENTS (KOHA)
Koha item type Ordinary Loan Books
Call number prefix Z711.7
Call number suffix LIB
Holdings
Date last seen Total Checkouts Full call number Barcode Cost, replacement price Price effective from Koha item type Lost status Source of classification or shelving scheme Damaged status Not for loan Collection Withdrawn status Home library Current library Shelving location Date acquired Cost, normal purchase price
01/23/2023 6 Z711.7 LIB 92004034356 80.00 01/23/2023 BOOKS   LCC     NFIC   MAIN MAIN GEN 01/23/2023 80.00